000 00350nam a22001451a 4500
082 _aH301
_bCHA/J
100 _aChandrakiran Sonrexa
245 _aJawan mitti/
_cby Chandrakiran Sonrexa
260 _aNew Delhi:
_bPrathiba,
_c1990.
300 _a264p.
650 _aStories Hindi
650 _aLiterature Hindi
650 _aLiterature
942 _cBK
999 _c21590
_d21590